000 01362nam2a22002411 4500
001 rc\778120
005 20250622135602.0
035 _a(NLR Aleph) 006325980
090 _a7495397
_c7495397
100 _a20040301d1986 |||y0rusy50 ca
101 0 _arus
102 _aRU
105 _aa |||||||||
200 0 _a[Вып. 2]
210 _d1986 (1987)
_aБ. м.
215 _a272 с.
_cил.
320 _aБиблиогр. в примеч. в конце ст.
461 0 _1001rc\778119
_12001#$aАрхитектурное наследие и реставрация$e(Реставрация памятников истории и культуры России)$eСб. науч. тр.$fРос. респ. специализир. науч.-реставрац. об-ние "Росреставрация"$gПод общ. ред. В.М. Дворяшина$v[Вып. 2]
_97495392
_cМ.
_d1984-
_fРос. респ. специализир. науч.-реставрац. об-ние "Росреставрация"
_nОб-ние "Росреставрация"
_o(Реставрация памятников истории и культуры России) : Сб. науч. тр.
_tАрхитектурное наследие и реставрация
_v[Вып. 2]
801 0 _aRU
_bNLR
_gpsbo
801 1 _aRU
_bELAR
_2rusmarc
852 _aNLR
_j86-5/773
942 _cBOOK
980 _aNB